000 00611nam a2200169Ia 4500
008 220216s9999 xx 000 0 und d
100 _aThomas K.U
245 0 _aEpigenetics for crop plant sustainability and stress adaptation with special reference to natural rubber (Hevea brasiliensis)
260 _b107th Indian Science Congress, 3-7 January 2020, University of Agricultural Science, Bengaluru, India.
500 _aSource Year: 2020
650 _aCrop plant sustainability
650 _aEpigenetic
650 _aStress adaptation
700 _aRao G.P
856 _uBibli details only
942 _cJS
999 _c58716
_d58716